[Event "Bergens SK Høstturnering 2022"]
[Site "Bergens Schakklub"]
[Date "2022.10.18"]
[Round "6"]
[White "Bjarnason, Snorri Vikanes"]
[Black "Larsen, Stig Børje"]
[Result "1/2-1/2"]
[WhiteElo "1673"]
[BlackElo "1719"]
[PlyCount "92"]
[EventDate "2022.??.??"]

1. c4 g6 2. Nc3 Bg7 3. e4 c5 4. Nf3 Nc6 5. g3 d6 6. h3 Nf6 7. Bg2 O-O 8. d4
cxd4 9. Nxd4 Nxd4 10. Qxd4 Be6 11. Qd3 Rc8 12. Nd5 Nd7 13. f4 Nb6 14. f5 Bxd5
15. cxd5 Nc4 16. O-O Qb6+ 17. Kh1 Qc5 18. Rb1 Ne5 19. Qd1 Qc2 20. Bg5 Qxd1 21.
Rfxd1 Nc4 22. Bxe7 Rfe8 23. f6 Bf8 24. Rdc1 Bxe7 25. fxe7 Rxe7 26. b3 Nb6 27.
Rxc8+ Nxc8 28. Rc1 Nb6 29. a4 a5 30. Kg1 f6 31. Kf2 Kf7 32. g4 Nd7 33. Rc3 Nc5
34. Re3 g5 35. Kf3 Na6 36. Bf1 Nc5 37. Bb5 Rc7 38. Kf2 Ke7 39. Kf3 Nd7 40. Bxd7
Kxd7 41. Rd3 Rc1 42. Ke3 Kc7 43. Kd4 Kb6 44. Rf3 Rd1+ 45. Kc4 Rc1+ 46. Kd4 Rd1+
1/2-1/2

[Event "Bergens SK Høstturnering 2022"]
[Site "Bergens Schakklub"]
[Date "2022.10.18"]
[Round "6"]
[White "Selbekk, Vebjørn"]
[Black "Fossheim, Yngve Götestam"]
[Result "1/2-1/2"]
[WhiteElo "1910"]
[BlackElo "1951"]
[PlyCount "59"]
[EventDate "2022.??.??"]

1. d4 d5 2. c4 e6 3. Nf3 c6 4. cxd5 exd5 5. Bf4 Bd6 6. Bxd6 Qxd6 7. e3 Nd7 8.
Nc3 f5 9. Bd3 Ne7 10. Qc2 Nf6 11. Ne5 O-O 12. O-O Ne4 13. a3 Nxc3 14. bxc3 c5
15. c4 cxd4 16. exd4 dxc4 17. Bxc4+ Be6 18. Bxe6+ Qxe6 19. Rfe1 Rac8 20. Qa4
Nc6 21. Nxc6 Qxc6 22. Qxa7 f4 23. Qc5 Qxc5 24. dxc5 Rf5 25. Rab1 Rc7 26. Kf1
Rfxc5 27. Re8+ Kf7 28. Rb8 Rc1+ 29. Rxc1 Rxc1+ 30. Ke2
1/2-1/2

[Event "Bergens SK Høstturnering 2022"]
[Site "Bergens Schakklub"]
[Date "2022.10.25"]
[Round "7"]
[White "Engelsen, Teodor Tenfjord"]
[Black "Christoffersen, Odd"]
[Result "1-0"]
[WhiteElo "1758"]
[BlackElo "1527"]
[PlyCount "71"]
[EventDate "2022.??.??"]

1. d4 Nf6 2. c4 e5 3. dxe5 Ng4 4. e4 Nxe5 5. f4 Ng6 6. h4 Bb4+ 7. Nc3 Bxc3+ 8.
bxc3 d6 9. h5 Ne7 10. h6 g6 11. Be3 Nbc6 12. Nh3 Bxh3 13. Rxh3 f5 14. exf5 Nxf5
15. g4 Nfe7 16. f5 Ne5 17. f6 N7c6 18. g5 O-O 19. Qd5+ Nf7 20. O-O-O Re8 21.
Bf4 Qd7 22. Rg3 Qe6 23. Re3 Qxd5 24. cxd5 Nce5 25. Bh3 Kf8 26. Be6 Nc4 27. Re4
b5 28. Rde1 Nb6 29. Kd2 a6 30. Bxf7 Kxf7 31. Re7+ Rxe7 32. Rxe7+ Kg8 33. Rxc7
Nxd5 34. f7+ Kh8 35. Bxd6 Nxc7 36. Be5#
1-0

[Event "Bergens SK Høstturnering 2022"]
[Site "Bergens Schakklub"]
[Date "2022.10.25"]
[Round "7"]
[White "Lundstedt, Jonathan"]
[Black "Bjarnason, Snorri Vikanes"]
[Result "0-1"]
[WhiteElo "1537"]
[BlackElo "1673"]
[PlyCount "80"]
[EventDate "2022.??.??"]

1. f4 d5 2. e3 c5 3. Nf3 Nf6 4. Bb5+ Nbd7 5. O-O g6 6. b3 Bg7 7. Bb2 O-O 8. Qe1
a6 9. Be2 b5 10. d3 Bb7 11. Qh4 Qc7 12. Ne5 Qb6 13. Rf3 Rfd8 14. Rh3 Nf8 15. g4
Ne8 16. Qxe7 Nd6 17. Qh4 Re8 18. Kf2 f6 19. Nf3 Qd8 20. Nbd2 Qe7 21. Nf1 h5 22.
Rg3 hxg4 23. Rxg4 f5 24. Bxg7 Qxg7 25. Rg3 Qxa1 26. Ne5 Rxe5 27. fxe5 Qxe5 28.
Nd2 Nf7 29. Bh5 Qh8 30. Qh3 Bc8 31. Rg2 f4 32. Qf3 fxe3+ 33. Kxe3 Qe5+ 34. Kf2
Bf5 35. Kg1 Re8 36. Nf1 Kh7 37. Bg4 Ng5 38. Qd1 Bxg4 39. Rxg4 Nfe6 40. Qd2 Nf3+
0-1

[Event "Bergens SK Høstturnering 2022"]
[Site "Bergens Schakklub"]
[Date "2022.10.25"]
[Round "7"]
[White "Seymour, Max Bakke"]
[Black "Selbekk, Vebjørn"]
[Result "1/2-1/2"]
[WhiteElo "1613"]
[BlackElo "1910"]
[PlyCount "54"]
[EventDate "2022.??.??"]

1. e4 d6 2. d4 Nf6 3. Nc3 g6 4. f3 c6 5. Be3 b5 6. a3 Nbd7 7. Qd2 Nb6 8. d5 Nc4
9. Bxc4 bxc4 10. dxc6 Qc7 11. Nd5 Qxc6 12. Nxf6+ exf6 13. O-O-O c3 14. Qxc3
Qxc3 15. bxc3 Be6 16. a4 a5 17. Ne2 Rb8 18. Nf4 Bd7 19. Kd2 Bg7 20. Bd4 Bh6 21.
g3 Ke7 22. Rb1 Bxf4+ 23. gxf4 Bxa4 24. Ra1 Bc6 25. Rxa5 Ra8 26. Rha1 Rxa5 27.
Rxa5 Ra8
1/2-1/2

[Event "Bergens SK Høstturnering 2022"]
[Site "Bergens Schakklub"]
[Date "2022.10.25"]
[Round "7"]
[White "Larsen, Stig Børje"]
[Black "Fossheim, Yngve Götestam"]
[Result "0-1"]
[WhiteElo "1719"]
[BlackElo "1951"]
[PlyCount "68"]
[EventDate "2022.??.??"]

1. e4 c5 2. Nf3 g6 3. d4 cxd4 4. Nxd4 Nc6 5. c4 Nf6 6. Nc3 d6 7. h3 Nxd4 8.
Qxd4 Bg7 9. Be3 O-O 10. Qd2 a5 11. Rc1 a4 12. Bd3 Nd7 13. O-O Nc5 14. Bb1 Re8
15. Rfd1 Be6 16. Qe2 Qa5 17. Nd5 Bxd5 18. cxd5 Rec8 19. Bd2 Qa6 20. Qxa6 bxa6
21. Bc3 Rcb8 22. Bxg7 Kxg7 23. Rd2 Rb6 24. Re1 Rab8 25. Ree2 a5 26. f3 a3 27.
b3 a4 28. Kf2 axb3 29. axb3 Rxb3 30. Ba2 Nd3+ 31. Kg3 Rb2 32. Rxb2 Rxb2 33.
Rxb2 Nxb2 34. Kf2 Nd3+
0-1

[Event "Bergens SK Høstturnering 2022"]
[Site "Bergens Schakklub"]
[Date "2022.11.01"]
[Round "8"]
[White "Larsen, Stig Børje"]
[Black "Lundstedt, Jonathan"]
[Result "1-0"]
[WhiteElo "1719"]
[BlackElo "1537"]
[PlyCount "103"]
[EventDate "2022.??.??"]

1. d4 f5 2. Bg5 h6 3. Bh4 g5 4. e3 Nf6 5. Bg3 d6 6. h4 Bg7 7. Nc3 Be6 8. Bd3 c6
9. hxg5 hxg5 10. Rxh8+ Bxh8 11. Nh3 g4 12. Nf4 Bd7 13. Qe2 Qb6 14. O-O-O Na6
15. a3 Bg7 16. Ng6 Nh5 17. Bh4 Bf6 18. Bxf6 Nxf6 19. Rh1 Kf7 20. Nh4 Rh8 21. g3
Nc7 22. Rf1 e6 23. f3 Ke8 24. Qf2 gxf3 25. Qxf3 d5 26. Qf4 Kd8 27. Na4 Qa5 28.
Nc5 Kc8 29. Qe5 Rf8 30. Ng6 Rf7 31. Rh1 Nfe8 32. c3 b6 33. Nxd7 Rxd7 34. Nf8
Re7 35. Bxf5 Qb5 36. Bxe6+ Kb7 37. Bc8+ Kxc8 38. Qxe7 Qd3 39. Re1 a5 40. e4
Qxg3 41. exd5 cxd5 42. Re5 a4 43. Qd7+ Kb7 44. Rxe8 Qg1+ 45. Kd2 Qf2+ 46. Re2
Qxf8 47. Qxa4 Qf4+ 48. Kc2 Qf5+ 49. Kb3 Qf1 50. Re7 Kb8 51. Qc6 Qd1+ 52. Ka2
1-0

[Event "Bergens SK Høstturnering 2022"]
[Site "Bergens Schakklub"]
[Date "2022.11.01"]
[Round "8"]
[White "Bjarnason, Snorri Vikanes"]
[Black "Texe, Eirik"]
[Result "1/2-1/2"]
[WhiteElo "1673"]
[BlackElo "1562"]
[PlyCount "72"]
[EventDate "2022.??.??"]

1. c4 e5 2. Nc3 Bb4 3. Nd5 Bc5 4. d3 c6 5. Nc3 Nf6 6. Nf3 d6 7. a3 a5 8. e3 O-O
9. Be2 Re8 10. b3 Bb6 11. O-O h6 12. Ne4 d5 13. Nxf6+ Qxf6 14. Bb2 Bc7 15. Re1
Nd7 16. Rc1 Bb8 17. Bf1 Nf8 18. g3 Bg4 19. Bg2 Nh7 20. h3 Be6 21. Qe2 Ng5 22.
Kh2 Bxh3 23. Nxg5 Bxg2 24. Kxg2 Qxg5 25. cxd5 cxd5 26. Rc5 e4 27. dxe4 Rxe4 28.
Qd3 Re8 29. Rxd5 Qg4 30. Qc3 Ra6 31. Rd4 Qg6 32. Qd2 Be5 33. Rd8 Qc6+ 34. Kg1
Bxb2 35. Rxe8+ Qxe8 36. Qxb2 Qe4
1/2-1/2

[Event "Bergens SK Høstturnering 2022"]
[Site "Bergens Schakklub"]
[Date "2022.11.01"]
[Round "8"]
[White "Fossheim, Yngve Götestam"]
[Black "Selbekk, Vebjørn"]
[Result "1-0"]
[WhiteElo "1951"]
[BlackElo "1910"]
[PlyCount "71"]
[EventDate "2022.??.??"]

1. d4 d6 2. e4 Nf6 3. Nc3 g6 4. h3 Bg7 5. Be3 c6 6. a4 a5 7. Nf3 O-O 8. Qd2 Re8
9. Bh6 Bh8 10. Bc4 d5 11. Bb3 Na6 12. Ng5 e5 13. dxe5 Rxe5 14. O-O-O Nc5 15.
Rhe1 Nxb3+ 16. cxb3 Qc7 17. f4 Re8 18. exd5 Rxe1 19. Rxe1 cxd5 20. Kb1 Bf5+ 21.
Ka2 Rd8 22. g4 Be4 23. Ngxe4 dxe4 24. Nxe4 Nxe4 25. Rxe4 Bg7 26. f5 f6 27. Qe3
Bxh6 28. Qxh6 Qf7 29. Qe3 Rd7 30. fxg6 hxg6 31. Re8+ Kg7 32. g5 Kh7 33. gxf6
Qxf6 34. Re6 Qd4 35. Re7+ Kg8 36. Qe6+
1-0

[Event "Bergens SK Høstturnering 2022"]
[Site "Bergens Schakklub"]
[Date "2022.11.01"]
[Round "8"]
[White "Christoffersen, Odd"]
[Black "Lien, Sebastian"]
[Result "0-1"]
[WhiteElo "1527"]
[BlackElo "1588"]
[PlyCount "66"]
[EventDate "2022.??.??"]

1. e4 b6 2. Nf3 Bb7 3. Nc3 e6 4. a3 Nf6 5. d3 c5 6. Be2 d5 7. e5 Nfd7 8. Bf4 a6
9. a4 d4 10. Nb1 Nc6 11. O-O Be7 12. Re1 h5 13. Qd2 Rg8 14. Bg5 Ndxe5 15. Bxe7
Nxf3+ 16. Bxf3 Qxe7 17. Bxh5 Qc7 18. Rxe6+ Kf8 19. Re1 Rh8 20. Bf3 Qxh2+ 21.
Kf1 Na5 22. Qg5 Bxf3 23. Qe7+ Kg8 24. gxf3 Nc6 25. Qe4 Rc8 26. Na3 Qh3+ 27. Ke2
Rh4 28. Qd5 Rh5 29. Qd6 Ne5 30. Qxb6 Qxf3+ 31. Kd2 Qxf2+ 32. Re2 Nf3+ 33. Kd1
Rh1+
0-1

[Event "Bergens SK Høstturnering 2022"]
[Site "Bergens Schakklub"]
[Date "2022.11.08"]
[Round "9"]
[White "Texe, Eirik"]
[Black "Bjarnason, Snorri Vikanes"]
[Result "1-0"]
[WhiteElo "1562"]
[BlackElo "1673"]
[PlyCount "101"]
[EventDate "2022.??.??"]

1. e4 c5 2. Nf3 Nc6 3. Bb5 g6 4. Bxc6 dxc6 5. O-O Bg7 6. Re1 Nf6 7. h3 O-O 8.
a4 h6 9. d3 Qc7 10. Be3 b6 11. Nbd2 Be6 12. Qc1 Kh7 13. Nf1 c4 14. Bf4 Qb7 15.
d4 Rfd8 16. c3 a6 17. g4 Nd7 18. Ne3 f6 19. Bg3 Bf7 20. Nh4 e5 21. dxe5 fxe5
22. Rf1 Nc5 23. Qc2 Nd3 24. Rad1 c5 25. f3 Rd7 26. Nxc4 Bxc4 27. b3 Bxb3 28.
Qxb3 Nf4 29. Bxf4 exf4 30. Qe6 Rad8 31. Rxd7 Qxd7 32. Qxg6+ Kg8 33. Nf5 Kh8 34.
Nxh6 Qe8 35. Qxb6 Bxc3 36. Nf7+ Qxf7 37. Qxd8+ Kg7 38. Qg5+ Kh8 39. Qh5+ Qxh5
40. gxh5 Bd2 41. Rd1 Be3+ 42. Kg2 c4 43. Rd7 c3 44. Rc7 Bd4 45. h4 Be5 46. Rc6
a5 47. Kh3 Kg7 48. Kg4 Kf7 49. Kf5 Bh8 50. Rc7+ Ke8 51. e5
1-0

[Event "Bergens SK Høstturnering 2022"]
[Site "Bergens Schakklub"]
[Date "2022.11.08"]
[Round "9"]
[White "Selbekk, Vebjørn"]
[Black "Agustsson, Hafsteinn"]
[Result "1-0"]
[WhiteElo "1910"]
[BlackElo "1776"]
[PlyCount "55"]
[EventDate "2022.??.??"]

1. Nf3 d5 2. g3 Nf6 3. Bg2 c6 4. O-O Bg4 5. h3 Bh5 6. d3 Bxf3 7. Bxf3 e5 8. e4
dxe4 9. dxe4 Na6 10. Qe2 Be7 11. Nd2 O-O 12. Nc4 Qc7 13. b3 b5 14. Ne3 Nc5 15.
Nf5 Ne6 16. c3 Bc5 17. a4 a6 18. h4 Rfd8 19. b4 Ba7 20. Be3 Bxe3 21. Nxe3 Rd7
22. axb5 cxb5 23. Nd5 Nxd5 24. exd5 Qxc3 25. dxe6 Rd2 26. exf7+ Kf8 27. Qe3 Rd3
28. Qxd3
1-0

[Event "Bergens SK Høstturnering 2022"]
[Site "Bergens Schakklub"]
[Date "2022.11.08"]
[Round "9"]
[White "Larsen, Stig Børje"]
[Black "Christoffersen, Odd"]
[Result "1/2-1/2"]
[WhiteElo "1719"]
[BlackElo "1527"]
[PlyCount "104"]
[EventDate "2022.??.??"]

1. d4 Nf6 2. Nc3 d5 3. Bf4 c6 4. e3 g6 5. h4 Bg7 6. Be2 h5 7. f3 Qa5 8. Qd2 Qb4
9. O-O-O Nbd7 10. Kb1 b5 11. a3 Qa5 12. Nxd5 Qxd2 13. Nxf6+ Nxf6 14. Rxd2 Nd5
15. Nh3 Nxf4 16. Nxf4 Bd7 17. c4 bxc4 18. Bxc4 e6 19. Nd3 Ke7 20. Nc5 Rhd8 21.
Rd3 Rab8 22. Rc1 Be8 23. f4 Rb6 24. Na4 Rbb8 25. Rb3 Rxb3 26. Bxb3 Rb8 27. Nc5
Rb6 28. Rc4 Rb8 29. Ra4 Ra8 30. Ra6 Kd8 31. Nb7+ Kc7 32. Na5 c5 33. dxc5 Bb5
34. Rd6 Bf8 35. Rd1 Bxc5 36. Rc1 Kb6 37. Nc4+ Bxc4 38. Rxc4 Bxe3 39. Bd1 a5 40.
Bf3 Ra7 41. Re4 Bf2 42. b3 Rc7 43. b4 axb4 44. axb4 Rd7 45. Kc2 Rd4 46. Rxd4
Bxd4 47. g4 hxg4 48. Bxg4 Be3 49. h5 gxh5 50. Bxh5 Bxf4 51. Bxf7 Bd6 52. Bxe6
Bxb4
1/2-1/2

[Event "Bergens SK Høstturnering 2022"]
[Site "Bergens Schakklub"]
[Date "2022.11.08"]
[Round "9"]
[White "Seymour, Max Bakke"]
[Black "Fossheim, Yngve Götestam"]
[Result "0-1"]
[WhiteElo "1613"]
[BlackElo "1951"]
[PlyCount "99"]
[EventDate "2022.??.??"]

1. e4 c5 2. Nf3 g6 3. c3 d5 4. exd5 Qxd5 5. d4 Bg7 6. Be3 cxd4 7. Bxd4 e5 8.
Bxe5 Qxd1+ 9. Kxd1 Nf6 10. Bb5+ Nc6 11. Nd4 O-O 12. Nxc6 bxc6 13. Bxc6 Bg4+ 14.
f3 Rad8+ 15. Ke1 Rfe8 16. Bxe8 Rxe8 17. f4 Ne4 18. Nd2 f6 19. Nxe4 fxe5 20. h3
Bd7 21. Rd1 Ba4 22. Nd6 Re7 23. b3 exf4+ 24. Kf2 Bc6 25. Rhe1 Rd7 26. c4 h5 27.
Re6 Kh7 28. b4 Ba4 29. Rd5 Rc7 30. Rg5 Bc2 31. c5 Bd4+ 32. Kf3 a6 33. a4 Be3
34. g3 Bd1+ 35. Ke4 Bc2+ 36. Kd5 Bb3+ 37. Nc4 Rd7+ 38. Rd6 Rf7 39. gxf4 Rxf4
40. Rgxg6 Rxc4 41. Kc6 Bxa4+ 42. Kb7 Rxb4+ 43. Kc8 Bf4 44. Rb6 Rc4 45. Rxa6
Rxc5+ 46. Kb7 Bc2 47. Rge6 Rc7+ 48. Kb6 Rf7 49. h4 Bf5 50. Rf6
0-1

[Event "Bergens SK Høstturnering 2022"]
[Site "Bergens Schakklub"]
[Date "2022.11.15"]
[Round "10"]
[White "Lundstedt, Jonathan"]
[Black "Christoffersen, Odd"]
[Result "1-0"]
[WhiteElo "1537"]
[BlackElo "1527"]
[PlyCount "99"]
[EventDate "2022.??.??"]

1. d4 Nf6 2. c4 e5 3. dxe5 Ng4 4. Nf3 Bc5 5. e3 Nc6 6. Nc3 Ngxe5 7. a3 a5 8.
Be2 d6 9. O-O O-O 10. h3 Bd7 11. Re1 Qc8 12. Kh2 Nxf3+ 13. Bxf3 Ne5 14. Be2 Re8
15. b3 Bf5 16. Bf1 c6 17. e4 Bd7 18. Be3 Qc7 19. Bxc5 dxc5 20. Kg1 Rad8 21. Qe2
Ng6 22. Qc2 Qe5 23. g3 Qg5 24. Bg2 h5 25. h4 Qg4 26. Qe2 Qxe2 27. Rxe2 Ne5 28.
Rd2 Bg4 29. Rxd8 Rxd8 30. Ra2 Rd3 31. Rc2 f6 32. Bf1 Rd4 33. f4 Nd7 34. Kf2 Kf7
35. Ke3 Ke7 36. Rd2 Rxd2 37. Kxd2 Nb6 38. Ke3 Ke6 39. Be2 Bxe2 40. Kxe2 Kd6 41.
Kf3 a4 42. Nxa4 Nd7 43. Nc3 Nf8 44. g4 Ne6 45. Ne2 Nd4+ 46. Nxd4 cxd4 47. gxh5
b5 48. cxb5 cxb5 49. Ke2 Kc5 50. Kd3 
1-0

[Event "Bergens SK Høstturnering 2022"]
[Site "Bergens Schakklub"]
[Date "2022.11.15"]
[Round "10"]
[White "Fossheim, Yngve Götestam"]
[Black "Texe, Eirik"]
[Result "1-0"]
[WhiteElo "1951"]
[BlackElo "1562"]
[PlyCount "65"]
[EventDate "2022.??.??"]

1. d4 Nf6 2. c4 g6 3. f3 Nh5 4. g4 e5 5. Be3 Ng7 6. Nc3 f5 7. h4 d6 8. Bg5 Be7
9. Bxe7 Qxe7 10. Nd5 Qf7 11. g5 Nh5 12. dxe5 dxe5 13. Qa4+ Bd7 14. Qb4 Bc6 15.
O-O-O Na6 16. Qc3 O-O-O 17. e4 fxe4 18. Bh3+ Kb8 19. fxe4 Bxd5 20. Rf1 Qe7 21.
exd5 Nf4 22. Bg4 Rhf8 23. Ne2 Nb4 24. Kb1 Nbd3 25. Nxf4 Nxf4 26. Re1 Rfe8 27.
Re4 Qd6 28. Rd1 b6 29. b4 c5 30. dxc6 Qxc6 31. Rxd8+ Rxd8 32. Qxe5+ Qd6 33.
Qxf4 
1-0

[Event "Bergens SK Høstturnering 2022"]
[Site "Bergens Schakklub"]
[Date "2022.11.15"]
[Round "10"]
[White "Sviland, Atle"]
[Black "Larsen, Stig Børje"]
[Result "0-1"]
[WhiteElo "1701"]
[BlackElo "1719"]
[PlyCount "106"]
[EventDate "2022.??.??"]

1. Nf3 c5 2. g3 g6 3. c4 Bg7 4. Nc3 Nc6 5. Bg2 d6 6. O-O Bg4 7. d3 Qd7 8. Bg5
Bh3 9. Qd2 Bxg2 10. Kxg2 h6 11. Be3 Rc8 12. d4 cxd4 13. Nxd4 Nf6 14. f3 h5 15.
Rad1 O-O 16. b3 b6 17. Ncb5 Rfd8 18. Bg5 Nxd4 19. Nxd4 d5 20. Nb5 a6 21. Nc3
dxc4 22. Qxd7 Rxd7 23. Rxd7 Nxd7 24. Nd5 Rc5 25. bxc4 e6 26. Ne7+ Kh7 27. Bf4
Rxc4 28. Rc1 b5 29. Nc8 Ra4 30. Rc2 e5 31. Be3 e4 32. Nd6 exf3+ 33. exf3 Ne5
34. Bf4 Nd3 35. Bd2 f5 36. Nf7 Rc4 37. Ng5+ Kg8 38. Rxc4 bxc4 39. Ne6 c3 40.
Be3 c2 41. Nc7 a5 42. g4 c1=Q 43. Bxc1 Nxc1 44. a3 hxg4 45. fxg4 Be5 46. Ne6
fxg4 47. Nc5 Kf7 48. a4 Ne2 49. Nb7 Bc7 50. Kf2 Nc3 51. Nxa5 Bxa5 52. Kg3 Bc7+
53. Kxg4 Bxh2 
0-1

[Event "Bergens SK Høstturnering 2022"]
[Site "Bergens Schakklub"]
[Date "2022.11.15"]
[Round "10"]
[White "Lien, Sebastian"]
[Black "Bjarnason, Snorri Vikanes"]
[Result "1-0"]
[WhiteElo "1588"]
[BlackElo "1673"]
[PlyCount "63"]
[EventDate "2022.??.??"]

1. Nf3 d5 2. d4 Nf6 3. c4 c6 4. cxd5 cxd5 5. Nc3 Nc6 6. e3 Bf5 7. Qb3 Rb8 8.
Ne5 a6 9. Be2 e6 10. Qa4 Rc8 11. Nxc6 bxc6 12. Bxa6 Rc7 13. O-O Bd6 14. h3 g5
15. f3 h5 16. e4 dxe4 17. Bxg5 exf3 18. Rxf3 Rg8 19. Bxf6 Qxf6 20. Bf1 Qg5 21.
d5 Kf8 22. dxe6 Bxe6 23. Ne4 Qh4 24. Rd1 Bd5 25. Rxd5 cxd5 26. Qa8+ Kg7 27.
Qxd5 Bf4 28. Qf5 Bd6 29. Ng5 Qd4+ 30. Kh1 Rh8 31. Nxf7 Rc5 32. Nxd6 
1-0

[Event "Bergens SK Høstturnering 2022"]
[Site "Bergens Schakklub"]
[Date "2022.11.15"]
[Round "10"]
[White "Selbekk, Vebjørn"]
[Black "Seymour, Max Bakke"]
[Result "0-1"]
[WhiteElo "1910"]
[BlackElo "1613"]
[PlyCount "40"]
[EventDate "2022.??.??"]

1. d4 d5 2. c4 c6 3. cxd5 cxd5 4. Nc3 Nf6 5. Bg5 Ne4 6. Nxe4 dxe4 7. a3 Qd5 8.
Bf4 Nc6 9. e3 e5 10. Bxe5 Qa5+ 11. Ke2 Be6 12. d5 Bg4+ 13. f3 Nxe5 14. fxg4 Rd8
15. b4 Qb6 16. Kf2 Be7 17. Qa4+ Kf8 18. Be2 Qf6+ 19. Ke1 Nd3+ 20. Bxd3 Qxa1+
0-1

[Event "Bergens SK HÃ¸stturnering 2022"]
[Site "Bergens Schakklub"]
[Date "2022.11.22"]
[Round "11"]
[White "Texe, Eirik"]
[Black "Lundstedt, Jonathan"]
[Result "0-1"]
[WhiteElo "1562"]
[BlackElo "1537"]
[PlyCount "72"]
[EventDate "2022.??.??"]

1. e4 e5 2. Nf3 Nc6 3. Bb5 a6 4. Ba4 Nf6 5. O-O Be7 6. d3 d6 7. h3 O-O 8. Bd2
b5 9. Bb3 Bb7 10. a4 Qd7 11. axb5 axb5 12. Rxa8 Rxa8 13. Ng5 Nd8 14. Nc3 h6 15.
Nf3 c5 16. Ne2 Bc8 17. Ng3 Qc7 18. Qe2 Ne6 19. Nf5 Bf8 20. c3 Bd7 21. g3 Bc6
22. N3h4 c4 23. Bc2 cxd3 24. Bxd3 Nc5 25. Bxb5 Bxb5 26. Qxb5 Ncxe4 27. Bc1 d5
28. Nf3 Ra1 29. Ne3 Qd6 30. Rd1 Ra8 31. Nxd5 Qe6 32. Nc7 Qxh3 33. Qxe5 Ra1 34.
c4 Bc5 35. Rf1 Bxf2+ 36. Rxf2 Rxc1+ 0-1

[Event "Bergens SK HÃ¸stturnering 2022"]
[Site "Bergens Schakklub"]
[Date "2022.11.22"]
[Round "11"]
[White "Bjarnason, Snorri Vikanes"]
[Black "Sviland, Atle"]
[Result "0-1"]
[WhiteElo "1673"]
[BlackElo "1701"]
[PlyCount "48"]
[EventDate "2022.??.??"]

1. c4 f5 2. Nc3 Nf6 3. g3 e6 4. Bg2 Be7 5. d3 O-O 6. e4 fxe4 7. dxe4 e5 8. Nge2
Bc5 9. O-O d6 10. h3 Be6 11. Qd3 Qe8 12. Bg5 Qf7 13. b3 Nc6 14. Be3 Nb4 15. Qd2
Bxe3 16. fxe3 Qh5 17. g4 Bxg4 18. hxg4 Nxg4 19. Rf5 Qh2+ 20. Kf1 g6 21. Rf4
exf4 22. exf4 Nc2 23. Qd5+ Kh8 24. Qg5 Nge3+ 0-1

[Event "Bergens SK HÃ¸stturnering 2022"]
[Site "Bergens Schakklub"]
[Date "2022.11.22"]
[Round "11"]
[White "Lien, Sebastian"]
[Black "Selbekk, VebjÃ¸rn"]
[Result "0-1"]
[WhiteElo "1588"]
[BlackElo "1910"]
[PlyCount "92"]
[EventDate "2022.??.??"]

1. Nf3 Nf6 2. d4 d6 3. c4 g6 4. Nc3 Bg7 5. Bg5 h6 6. Bh4 O-O 7. e3 Nbd7 8. Be2
c5 9. Qc2 Re8 10. O-O Qb6 11. Rfd1 cxd4 12. exd4 Nf8 13. Bxf6 exf6 14. h3 Be6
15. Rab1 Rac8 16. b3 f5 17. Qd2 g5 18. Na4 Qc7 19. d5 Bd7 20. Nb2 Nh7 21. Bd3
Nf6 22. Re1 Ne4 23. Qc2 Nc3 24. Rxe8+ Rxe8 25. Re1 Rxe1+ 26. Nxe1 Nxa2 27. Nd1
Nb4 28. Qd2 Nxd3 29. Qxd3 Qc8 30. Ne3 f4 31. Nf1 Bf5 32. Qd2 Qe8 33. Nf3 b6 34.
Qb4 Qe7 35. Qd2 a5 36. N1h2 Qe4 37. Ne1 Qb1 38. Nhf3 Qxb3 39. Nd4 Bxd4 40. Qxd4
Qb1 41. Qc3 a4 42. Kh2 a3 43. Qxa3 Qxe1 44. Qxd6 Qxf2 45. Qxh6 Qg3+ 46. Kh1 Be4
0-1

[Event "Bergens SK HÃ¸stturnering 2022"]
[Site "Bergens Schakklub"]
[Date "2022.11.22"]
[Round "11"]
[White "Fossheim, Yngve GÃ¶testam"]
[Black "Larsen, Stig BÃ¸rje"]
[Result "1-0"]
[WhiteElo "1951"]
[BlackElo "1719"]
[PlyCount "79"]
[EventDate "2022.??.??"]

1. d4 g6 2. e4 Bg7 3. Nc3 c5 4. Nf3 Qa5 5. Be3 Nf6 6. Qd2 Nc6 7. e5 Ng4 8. Nd5
Nxe3 9. fxe3 Qxd2+ 10. Kxd2 Rb8 11. c3 d6 12. exd6 exd6 13. Bc4 O-O 14. b4 b5
15. Bb3 Bf5 16. bxc5 dxc5 17. Bc2 Be6 18. Nf4 cxd4 19. cxd4 Bc4 20. Bb3 Na5 21.
Rab1 Rfe8 22. g4 Rb7 23. Rhe1 Bf8 24. Bxc4 Nxc4+ 25. Kd3 Bd6 26. Nd5 Kg7 27. g5
a5 28. e4 Rd8 29. Nf6 Bb4 30. Re2 Na3 31. Rc1 Nc4 32. e5 Re7 33. h4 Nb6 34. h5
gxh5 35. Nxh5+ Kh8 36. Nf6 Nd5 37. Rh2 Kg7 38. Rxh7+ Kg6 39. Nh4+ Kxg5 40. Rg1+
1-0